| 000 | 00569nam a2200169 i 4500 | ||
|---|---|---|---|
| 001 | 65074 | ||
| 003 | ES-MaACL | ||
| 005 | 20250507063019.0 | ||
| 007 | t| | ||
| 008 | 040108s1982 sp ||||1| spa d | ||
| 100 | 1 |
_aFraga Iribarne, Manuel, _d1922-2012 _9193721 |
|
| 245 | 1 | 0 |
_aIntervenciones con motivo del debate de investidura del presidente del gobierno, 1 de diciembre de 1982 / _cManuel Fraga Iribarne. |
| 260 |
_aMadrid : _bAlianza Popular, _c1982. |
||
| 300 |
_a42 p. ; _c21 cm. |
||
| 852 |
_aES-MaACL _j2123-F-22 _bR.104986 |
||
| 999 |
_c65074 _d65074 |
||